000
00352nam a2200145Ia 4500
008
151213s9999 xx 000 0 und d
100
_a
Emily Bronte
245
_a
Withering Heights
_c
Emily Bronte
260
_a
London
_b
Penguing Books
_c
1847
300
_a
6542 p.
650
_a
English
650
_a
Fiction
700
_a
Emily Bronte
999
_c
3624
_d
3624